| 000 | 00717nam a22002297a 4500 | ||
|---|---|---|---|
| 003 | BUBTL | ||
| 008 | 240307b ||||| |||| 00| 0 eng d | ||
| 020 | _a9788120348639 | ||
| 041 | _aeng | ||
| 082 | _a658.049/ P2811i/ 2022 | ||
| 100 |
_95723 _aPaul, Justin |
||
| 245 |
_aInternational Business / _cJustin Paul |
||
| 250 | _a6th ed | ||
| 260 |
_aIndia: _bPHI Learning Private Limited, _cc2022 |
||
| 300 |
_axxi, 770 p. : _c24 cm. |
||
| 500 | _aIncludes Index | ||
| 505 | _aInternational Business, Emerging Scenario, Foreign Trade and Investment, WTO, Legal and Cultural Environment | ||
| 650 | 0 |
_939 _aManagement |
|
| 856 |
_k0 _l0 _yDownload |
||
| 942 |
_2ddc _cBK |
||
| 999 |
_c7248 _d7248 |
||